[Event "EWCCC Online Final 2020"]
[Site "Online"]
[Date "2020.12.21"]
[Round "5.3"]
[White "Daulyte-Cornette, Deimante"]
[Black "Paehtz, Elisabeth"]
[Result "1-0"]
[WhiteElo "2400"]
[BlackElo "2467"]
[Annotator "TA"]
[PlyCount "143"]
[EventDate "2020.12.19"]
[EventType "team-tourn"]
[EventCountry "NET"]
[SourceTitle "playchess.com"]
[Source "ChessBase"]
[SourceQuality "1"]

{[%evp 9,143,33,39,31,38,36,43,10,39,-8,8,2,60,57,111,38,44,0,65,70,100,85,128,79,149,149,145,144,154,56,52,64,61,51,55,47,54,56,61,58,79,56,122,106,137,123,163,148,160,158,158,152,152,145,244,235,239,100,134,139,200,127,258,268,254,241,252,240,306,218,347,325,337,320,446,442,671,603,1152,1152,1099,1080,840,835,804,783,668,0,698,385,614,371,346,0,333,322,632,622,593,580,718,699,1410,1324,29962,29963,29960,10536,29982,29964,29959,7412,29984,29985,29988,29989,29985,29975,29975,29976,29976,29977,29977,29978,29978,29979,29981,29982,29982,29983,29983,29984,29988,29989,29990,29991]} 1. e4 g6 2. d4 Bg7 3. Nc3 d6 4. f4 Nf6 5. Nf3 Nc6 6. e5 {B09: Pirc Defence: Austrian Attack.} dxe5 7. fxe5 Nd5 8. Bc4 {White is slightly better.} Nb6 9. Be2 {[#]} Bg4 $146 ({Predecessor:} 9... O-O 10. Be3 Bf5 11. Nh4 Be6 12. b3 f6 13. Bg4 Qd7 14. Bxe6+ Qxe6 15. Nf3 Rad8 {½-½ (52) Cichy,M (2096)-Spatola,D (2102) Imperia 2005}) 10. Be3 $1 Bxf3 ({Better is} 10... O-O $11) 11. Bxf3 $14 Nc4 (11... O-O $14) 12. Bxc6+ (12. Bf2 $16) 12... bxc6 13. Qe2 (13. Qf3 $5 {[%cal Rf3c6]} O-O 14. b3 Nxe3 15. Qxe3 $11) 13... Nxe3 ({Black should try} 13... Nxb2 $11 14. Qa6 O-O) 14. Qxe3 Rb8 15. b3 Qd7 16. O-O O-O (16... c5 $142) 17. Ne4 $16 Rbd8 18. Rad1 Qg4 19. Rd3 (19. Nc5 $16) 19... f6 $14 20. h3 Qc8 21. exf6 exf6 22. Nc5 $36 {[%mdl 2048] White has good play.} Rfe8 23. Qf3 f5 24. c3 (24. Qxc6 Bxd4+ 25. Kh1 Rd6 $11) 24... Rd5 25. Rdd1 {[%cal Bd3d1,Bd1e1,Be1e7][%mdl 32]} Re7 (25... a5 $14) 26. Rde1 Qe8 27. Qf2 Rd8 {[#]} 28. Rxe7 $1 Qxe7 29. Re1 Qf7 30. Re6 Rd6 31. Qe2 {Strongly threatening Re7.} Bf8 (31... Rxe6 $16 32. Qxe6 (32. Nxe6 Bh6 $16) 32... Qxe6 33. Nxe6 Bf8) 32. Re8 $18 f4 33. Re5 (33. Kf2 $18 {has better winning chances.}) 33... Rf6 34. Ne4 Rf5 (34... Re6 $16) 35. Ng5 Qf6 (35... Rxe5 $16 {was worth a try.} 36. Qxe5 Qe7) 36. Rxf5 Qxf5 37. Qe6+ Qxe6 38. Nxe6 {[%mdl 4096] Endgame KB-KN} Bd6 39. c4 c5 (39... Be7 $142 40. Nxf4 Bf6) 40. dxc5 (40. Nxc5 Bxc5 41. dxc5 Kf7 $16) 40... Be5 41. Kf2 h6 42. Kf3 g5 (42... Kf7 $142) 43. Ke4 Bb2 44. Nxc7 Kf7 45. Kf5 Ke7 46. Nd5+ Kd7 47. Kg6 Bc1 48. Kf5 $2 {[#]} ({Not} 48. Kxh6 f3 $16) (48. Nb4 $18 {Hoping for Nd3.} Be3 49. Nd3 (49. Kxh6 $2 f3 $19)) 48... a5 $2 {[%mdl 8192]} (48... Bb2 $11 49. Nf6+ Kc6) 49. Ke4 Kc6 (49... Bb2 $142 50. b4 axb4 51. Nxb4 Ba3) 50. Kd4 Bb2+ 51. Ke4 $2 ({White has to play} 51. Kd3 $18) 51... Kxc5 $2 {[%mdl 8192]} (51... Bc1 $1 $11 {and Black has nothing to worry.}) 52. Ne7 Bc1 $2 (52... Bg7 53. h4 gxh4) 53. Ng8 h5 {intending ...g4.} 54. Nf6 Be3 55. Nxh5 Kb4 56. g3 Ka3 57. gxf4 gxf4 58. Nxf4 Bf2 59. Kd3 Kxa2 60. Kc2 (60. Kc3 $142 Be1+ 61. Kc2 a4 62. bxa4 Ka3 63. c5 Kxa4 64. c6 Ba5 65. Ne6) 60... Ka3 61. Nd3 {Cut Off at move 61. White mates.} Bg3 62. c5 a4 63. bxa4 Kxa4 64. Kc3 Kb5 65. Kd4 Kc6 66. Ne5+ Kc7 67. Kd5 Bf2 68. c6 Bg3 69. Ng6 Kd8 70. h4 Ke8 71. h5 Kf7 72. Ne5+ {Weighted Error Value: White=0.47/Black=0.64} 1-0

[Event "EWCCC Online Final 2020"]
[Site "Online"]
[Date "2020.12.21"]
[Round "5.4"]
[White "Khademalsharieh, Sarasadat"]
[Black "Tokhirjonova, Gulrukhbegim"]
[Result "1-0"]
[WhiteElo "2494"]
[BlackElo "2378"]
[Annotator "TA"]
[PlyCount "155"]
[EventDate "2020.12.19"]
[EventType "team-tourn"]
[EventCountry "NET"]
[SourceTitle "playchess.com"]
[Source "ChessBase"]
[SourceQuality "1"]

{[%evp 19,155,2,8,10,14,7,20,0,0,0,0,0,0,-28,-9,-7,-4,-7,4,0,0,0,0,0,0,0,0,0,0,0,30,43,39,0,29,14,29,30,43,33,40,0,47,35,40,40,40,42,42,27,48,42,29,39,112,8,92,92,129,139,139,139,139,139,132,132,139,132,131,130,142,132,1167,1167,1747,1745,1408,1103,1455,1337,1380,1281,1380,1380,1127,1158,12717,5089,5509,521,29952,29951,29958,29965,29960,29948,29949,29950,29950,12568,4879,0,29977,29978,29979,29980,29980,29980,29980,29981,29982,29983,29982,29984,29989,29990,29990,29991,29993,29994,29994,29994,29997,29998,29998,29993,29993,29992,29992,29992,29992,29993,29994,29995,29995,29994,29996,29994]} 1. d4 Nf6 2. c4 e6 3. Nc3 Bb4 4. e3 b6 5. Bd2 Bb7 6. Nf3 O-O 7. Bd3 d5 8. cxd5 exd5 9. O-O a6 10. Rc1 Bd6 11. Ne5 {E52: Nimzo-Indian: Rubinstein: 4...0-0 5 Nf3 d5 6 Bd3 b6.} c5 12. f4 Nc6 13. Be1 {The position is equal.} cxd4 14. Nxc6 Bxc6 15. exd4 Qd7 {[#]} 16. Qb3 $146 ({Predecessor:} 16. f5 Rfe8 17. Bh4 Ne4 18. f6 g6 19. Rc2 Nxc3 20. Rxc3 Bb5 21. Bxb5 axb5 22. a3 {½-½ (79) Aleksandrov,A (2571)-Lupulescu,C (2649) Riga 2019}) 16... b5 17. Bh4 {Threatens to win with Bxf6.} Be7 18. Qc2 h6 19. Ne2 Bb7 $1 20. Qc7 {Black must now prevent Qxd7.} Bc8 21. Qxd7 Bxd7 22. f5 Rac8 23. Nf4 Rxc1 24. Rxc1 Rc8 25. Rxc8+ Bxc8 26. h3 Kf8 27. Kf1 Bb7 28. Ke2 Ke8 29. Bc2 a5 30. a3 Kd7 (30... Nh5 $5 31. Nxh5 Bxh4 $11) 31. Nd3 Ne4 32. Ne5+ Ke8 33. Bxe7 Kxe7 34. Bxe4 dxe4 $14 {[%mdl 4096] Endgame KB-KN} 35. Ke3 h5 36. g4 hxg4 (36... h4 $1 $14) 37. hxg4 ({White has to play} 37. Nxg4 $16 Bc8 38. Kxe4) 37... Bd5 (37... a4 $11) 38. g5 $16 {Black is on the road to losing.} f6 39. Ng6+ $1 Kd6 40. gxf6 gxf6 41. Nf4 Bb7 {[#]} 42. Nh5 $1 {[%cal Rh5f6]} Ke7 43. Ng3 b4 44. axb4 axb4 45. Nxe4 Bd5 $2 {[%mdl 8192] [#]} (45... Bc8 $16) 46. Nc5 $1 $18 {[%cal Rc5d3]} Kd6 47. Nd3 b3 48. Nf4 Bb7 49. Nh5 Ke7 50. Kd3 Bd5 51. Kc3 Be4 52. Ng3 Bc2 53. d5 (53. Kc4 $142 Kd6 54. Kc3) 53... Bd1 54. Kd4 (54. Kc4 $142 Bf3 55. Kc5 (55. Kxb3 Kd6 $11)) 54... Bc2 55. Kc5 Kd7 56. d6 Bd3 57. Nh5 Bxf5 58. Nxf6+ Kd8 59. Kc6 (59. Kd5 $142 Bg6 60. Ng4 Bf5 61. Ne5 Kc8 62. Nc6 Bg4 63. Nd4 Kd7 64. Kc5 (64. Nxb3 Be6+ 65. Ke5 Bxb3 $11)) 59... Bh3 60. Kc5 $2 (60. Kd5 $18 {Strongly threatening Ne4.} Kc8 61. Ne4) 60... Bg2 $2 {[%mdl 8192]} (60... Bf5 $11) 61. Kc4 {Cut Off at move 61. White mates.} Kc8 62. Kxb3 Kb7 63. Kc4 Kc6 64. d7 Kc7 65. b4 {[%cal Bb2b4,Bb4b5,Bb5b6][%mdl 32]} Bc6 66. Kc5 Bg2 67. b5 Kd8 68. Kd6 Bf1 69. b6 Bg2 70. Nh5 Bb7 71. Nf4 {[%cal Rf4e6]} Bd5 72. Kxd5 Kxd7 73. Kc5 Kc8 74. Nd5 Kb7 75. Kb5 Kb8 76. Kc6 Ka8 77. Nc7+ Kb8 78. Na6+ {Weighted Error Value: White=0.35/Black=0.51} 1-0

[Event "EWCCC Online Final 2020"]
[Site "Online"]
[Date "2020.12.21"]
[Round "5.4"]
[White "Kosteniuk, Alexandra"]
[Black "Dauletova, Gulmira"]
[Result "1-0"]
[WhiteElo "2471"]
[BlackElo "2319"]
[Annotator "TA"]
[PlyCount "51"]
[EventDate "2020.12.19"]
[EventType "team-tourn"]
[EventCountry "NET"]
[SourceTitle "playchess.com"]
[Source "ChessBase"]
[SourceQuality "1"]

{[%evp 10,51,32,8,129,132,195,176,189,187,219,228,385,391,386,385,531,468,462,504,431,400,534,521,653,467,450,424,452,438,435,436,569,396,640,575,597,529,490,431,864,843,1996,1867]} 1. e4 e5 2. Nf3 Nc6 3. Bb5 a6 4. Ba4 Nf6 5. d4 Nxe4 6. Qe2 (6. O-O {is more complex.} b5 7. Bb3 d5 8. dxe5 Be6 9. c3) 6... Nd6 {C77: Ruy Lopez: 3...a6 4 Ba4 Nf6, unusual lines.} (6... b5 $11 {keeps the balance.}) 7. dxe5 $16 Nf5 (7... Nb5 $16) 8. Qe4 $1 $18 {[%cal Re4f5]} Nfe7 {[#]White is clearly better.} 9. Nc3 $1 Ng6 10. h4 {[#]} h5 $146 (10... Bb4 11. Bd2 Nf8) ({Predecessor:} 10... Bb4 11. h5 Nge7 12. h6 g6 13. Bg5 d5 14. Qxb4 {1-0 (14) Russek Libni,G (2390)-Gonzalez,A (2174) Merida 2006}) 11. Bg5 Be7 12. O-O-O {Strongly threatening e6!} O-O 13. e6 f5 14. Qe2 d6 15. Nd5 b5 16. Bb3 Bb7 17. Rh3 Na5 18. Nxe7+ Nxe7 {[#]} 19. Ne5 $1 {[%cal Re5g6][%mdl 576] Pin} Nxb3+ (19... dxe5 20. Rxd8) 20. Rxb3 Qe8 21. Nd7 g6 $2 (21... Nc6 22. Nxf8 Kxf8) 22. f3 {White is clearly winning.} Kh7 23. Nxf8+ Qxf8 24. a4 Bc6 (24... Qg7 $142 25. Qe1 Nc6) 25. Rc3 Be8 26. Rxc7 {Black got outplayed after the opening. Accuracy: White = 84%, Black = 27%.} 1-0

[Event "EWCCC Online Final 2020"]
[Site "Online"]
[Date "2020.12.21"]
[Round "5.4"]
[White "Nandhidhaa, P V"]
[Black "Kashlinskaya, Alina"]
[Result "0-1"]
[WhiteElo "2365"]
[BlackElo "2494"]
[Annotator "TA"]
[PlyCount "54"]
[EventDate "2020.12.19"]
[EventType "team-tourn"]
[EventCountry "NET"]
[SourceTitle "playchess.com"]
[Source "ChessBase"]
[SourceQuality "1"]

{[%evp 9,54,-4,0,2,1,-31,-21,-55,-55,-63,-60,-52,0,-43,-14,-26,0,-58,-29,-24,-23,-61,-14,-50,-49,-83,-53,-65,-76,-76,-72,-90,-90,-173,-165,-518,-538,-693,-683,-690,-684,-29995,-29996,-29996,-29997,-29997,-29998]} 1. d4 Nf6 2. Bf4 d5 3. e3 Bg4 4. f3 Bd7 5. Nc3 e6 6. e4 {D00: 1 d4 d5: Unusual lines.} dxe4 7. fxe4 Bb4 {[#]} 8. Qf3 $146 {The position is equal.} ({Predecessor:} 8. Qd3 Bc6 9. e5 Ne4 10. Nge2 O-O 11. Qe3 Qh4+ 12. g3 Qh5 13. Rg1 Qxh2 14. O-O-O Qf2 15. d5 Qxe3+ 16. Bxe3 Nxc3 {½-½ (16) Nemec,Z (2205)-Packroff,H (2263) ICCF email 2017}) 8... Bc6 9. O-O-O Bxc3 $1 10. Qxc3 Nxe4 (10... Bxe4 $15 11. Bxc7 Qd5) 11. Qe3 Nd7 {[%cal Bb8d7,Bd7f6,Bf6d5,Bd5b4][%mdl 32]} 12. Bd3 Ndf6 13. h3 (13. Nf3 $11) 13... O-O 14. Nf3 Nd6 15. Be5 Re8 (15... Nd5 $5 {[%cal Rd5e3]} 16. Qd2 a5 $15) 16. Rhf1 Nd5 $1 $36 {[%cal Rd5e3][%mdl 2048] Black fights for an advantage.} 17. Qd2 f6 18. c4 fxe5 19. dxe5 {[#]} Nxc4 $1 20. Bxc4 Qe7 21. Bd3 (21. Nd4 $17) 21... Nb4 22. Bxh7+ $2 (22. Bc4 {is tougher.}) 22... Kxh7 $19 23. Ng5+ Kg8 24. a3 Rad8 25. Qf4 Qc5+ {Black mates.} 26. Kb1 {[#]} Qc2+ $1 27. Ka1 Rxd1+ {[%mdl 64] Back Rank. Accuracy: White = 32%, Black = 73%.} 0-1

[Event "EWCCC Online Final 2020"]
[Site "Online"]
[Date "2020.12.21"]
[Round "5.4"]
[White "Muminova, Nafisa"]
[Black "Afraoui, Anaelle"]
[Result "1-0"]
[WhiteElo "2274"]
[BlackElo "2106"]
[Annotator "TA"]
[PlyCount "67"]
[EventDate "2020.12.19"]
[EventType "team-tourn"]
[EventCountry "NET"]
[SourceTitle "playchess.com"]
[Source "ChessBase"]
[SourceQuality "1"]

{[%evp 13,67,38,49,20,27,11,53,39,48,50,47,20,23,-37,-20,-10,-10,-68,23,25,32,15,71,69,78,71,116,118,277,156,99,100,104,62,316,305,304,0,351,-190,1247,1178,29992,29993,29993,1505,1449,848,831,830,29996,29993,29993,7339,29995,5266]} 1. d4 Nf6 2. Nc3 g6 3. e4 d6 4. Nf3 Bg7 5. Be2 O-O 6. O-O Nc6 {6...a6 is setting a new trend.} 7. d5 Nb8 8. Bf4 {B08: Pirc Defence: Classical System.} c6 9. Qd2 {[#]} b6 $146 ({Predecessor:} 9... Bg4 10. h3 Bxf3 11. Bxf3 Nbd7 12. Rfe1 Rc8 13. dxc6 bxc6 14. Rad1 Qb6 15. b3 Rfe8 {1-0 (46) Kasimdzhanov,R (2704)-Mamedyarov,S (2736) Berlin 2015}) 10. Bh6 {White is slightly better.} Bb7 11. Rad1 Nbd7 12. Qg5 Rc8 13. Rfe1 ({White should try} 13. Bxg7 $11 Kxg7 14. dxc6 Rxc6 15. Nd4) 13... cxd5 $15 14. exd5 Rc5 15. Bf1 {[#]} (15. Nd4 $11) 15... e6 (15... Nxd5 $1 $15 {[%mdl 512]} 16. Nxd5 Bxd5) 16. Bxg7 $40 {[%mdl 128] White mounts an attack.} Kxg7 17. Qg3 Nxd5 (17... e5 $11 {remains equal.}) 18. Ne4 $16 Rxc2 19. Nxd6 Ba8 20. Nd4 $1 {[%cal Rd4c2]} Rxb2 $2 {[#]} (20... Rc5 $16) 21. Rxe6 (21. Nxf7 $1 $18 {[%mdl 512]} Kxf7 (21... Rxf7 22. Nxe6+) 22. Nxe6 {[%mdl 64] Double Attack}) 21... Kh8 (21... Kg8 $142) 22. Ree1 {[%mdl 1024] White has strong compensation.} Qf6 23. Bc4 Nc5 $2 {[%mdl 8192]} (23... Nc3 $14 24. Ne8 Qxf2+ 25. Qxf2 Rxf2 26. Kxf2 Nxd1+ 27. Rxd1 Rxe8) 24. Nf3 $18 Nc3 25. Ne8 $2 (25. Nxf7+ $1 $18 Kg7 26. N7g5 (26. Rd6 $2 N3e4 $19 {[%mdl 64] Double Attack}) 26... Bxf3 27. Qc7+ Kh6 28. h4 $1 {[%mdl 512]}) 25... Qf5 $2 {[%mdl 8192]} (25... N5e4 $11 {and Black stays safe.} 26. Nxf6 Nxg3 27. hxg3 (27. fxg3 Nxd1 28. Rxd1 Kg7 $15) 27... Nxd1 28. Rxd1 Kg7) 26. Nd4 $4 {[%mdl 8192]} (26. Qh4 $18 {and all is fine.} Rxf2 27. Qxf2 Nxd1 28. Qd4+ {[%mdl 64] Double Attack} f6 29. Nd6 (29. Qxd1 Ne4 $15)) 26... Qh5 $4 {[%mdl 8192]} (26... N5e4 $19 27. Nxf5 Nxg3 28. hxg3 Nxd1) 27. Qxc3 {Threatens to win with Ne6+.} Qg4 28. Nf3+ f6 29. Qxb2 (29. Nxf6 $142 Rb3 {[#]} 30. Re7 $1 {[%mdl 576] Double Attack} Qh5 31. Nxh5+ {[%mdl 64] Discovered Attack} Rxc3 32. Nf6 $1 {[%mdl 512]} Rf7 33. Rxf7 Rxc4 34. Rxh7#) 29... Bxf3 {[#]} 30. Bf1 $3 {[%mdl 512]} Bxd1 31. Nxf6 Qf5 32. Nd7+ Kg8 33. Nxf8 (33. Bc4+ $142 Ne6 34. Rxe6 Qf7 35. Re7 Bb3 36. Bxf7+ Bxf7 37. Nf6+ {[%mdl 64] Discovered Attack} Kh8 38. Nh5+ Kg8 39. Qg7#) 33... Qxf8 34. Rxd1 {Weighted Error Value: White=0.64/Black=1.32} (34. Bc4+ $142 Ne6 35. Rxe6 h6 36. Re7+ Qf7 37. Re8+ Kh7 38. Rh8#) 1-0

[Event "EWCCC Online Final 2020"]
[Site "Online"]
[Date "2020.12.21"]
[Round "5.5"]
[White "Mammadzada, Gunay"]
[Black "Hoang, Thanh Trang"]
[Result "1-0"]
[WhiteElo "2443"]
[BlackElo "2404"]
[Annotator "TA"]
[PlyCount "53"]
[EventDate "2020.12.19"]
[EventType "team-tourn"]
[EventCountry "NET"]
[SourceTitle "playchess.com"]
[Source "ChessBase"]
[SourceQuality "1"]

{[%evp 11,53,8,4,3,3,0,0,0,0,-2,0,0,0,0,-4,-10,0,-13,0,0,22,0,0,0,0,-37,-39,-45,255,251,268,113,98,87,199,204,530,512,2271,1783,29996,29997,29997,-598]} 1. e4 e6 2. d4 d5 3. Nd2 Be7 4. Bd3 c5 5. dxc5 Nf6 6. Qe2 O-O 7. Ngf3 {C03: French Tarrasch: Unusual Black 3rd moves.} a5 8. c3 Na6 9. e5 {The position is equal.} Nd7 10. h4 Qc7 (10... Naxc5 $6 11. Bxh7+ $1 {[%mdl 512]} Kh8 12. Bc2 $16) 11. Nb3 Naxc5 12. Nxc5 Nxc5 13. Bc2 b6 14. Bg5 Ba6 15. Qe3 {[#]} a4 $146 {[%cal Ba5a4,Ba4b3][%mdl 32]} ({Predecessor:} 15... Rac8 16. Rh3 f5 17. exf6 Bxf6 18. O-O-O b5 19. Bf4 Qb6 20. Ng5 b4 21. Nxh7 bxc3 22. Nxf6+ Rxf6 23. bxc3 {1-0 (48) Mammadzada,G (2426)-Injac,T (2302) Ankara 2018}) 16. a3 Nb3 17. Bxb3 Bc5 18. Qd2 axb3 19. Rh3 Bb5 $2 {[%mdl 8192] [#]} (19... f5 $15 {keeps the upper hand.}) 20. Bf6 $1 $18 {[%mdl 512] White wants to mate with Qh6!} Rfc8 {[#]} (20... gxf6 21. Rg3+ Kh8 22. Qh6 $1 {[%mdl 512]} Bxf2+ 23. Kxf2 Qc5+ 24. Nd4 Qxd4+ 25. cxd4 Rg8 26. Qxf6+ Rg7 27. Qxg7#) 21. Rg3 $1 {[%mdl 512]} g6 $16 ({Don't go for} 21... Bf8 $2 22. Rxg7+ $1 {[%mdl 512]} Bxg7 23. Qg5 $1 $18 {[%mdl 512]}) 22. Nd4 ({Don't play} 22. Qh6 $6 Bf8 $11) 22... Ba6 (22... Bxd4 $16 {is a better defense.} 23. Qh6 {[#]} Qxe5+ $1 {[%mdl 512]} 24. Bxe5 Bxe5) 23. h5 $40 {[%mdl 128] And now hxg6 would win. White has strong attack.} ({Don't take} 23. Nxb3 $6 Bf8 $16) 23... Re8 $2 (23... Bxd4 {is tougher.} 24. Qh6 Qxe5+ 25. Bxe5 Bxe5) 24. O-O-O {Threatens to win with Rh1.} Bc4 (24... Bxa3 $142 25. bxa3 Qc5) 25. Rh1 {Qh6 would kill now.} Ra7 26. Qh6 {[%csl Gf6][%cal Rh6g7]} Bf8 {[#]} 27. Qxh7+ $1 {[%mdl 33344] Back Rank.  Weighted Error Value: White=0.11/Black=0.73. Loss on time!?} 1-0

[Event "EWCCC Online Final 2020"]
[Site "Online"]
[Date "2020.12.21"]
[Round "5.5"]
[White "Gara, Ticia"]
[Black "Mamedjarova, Turkan"]
[Result "0-1"]
[WhiteElo "2383"]
[BlackElo "2309"]
[Annotator "ChessBase"]
[PlyCount "152"]
[EventDate "2020.12.19"]
[EventType "team-tourn"]
[EventCountry "NET"]
[SourceTitle "playchess.com"]
[Source "ChessBase"]
[SourceQuality "1"]

1. e4 {[%emt 0:00:00]} e5 {[%emt 0:00:04]} 2. Nf3 {[%emt 0:00:07]} Nc6 {[%emt 0:00:03]} 3. Nc3 {[%emt 0:00:13]} Nf6 {[%emt 0:00:03]} 4. Bb5 {[%emt 0:00:11]} Bb4 {[%emt 0:00:08]} 5. O-O {[%emt 0:00:07]} O-O {[%emt 0:00:43]} 6. d3 {[%emt 0:00:06]} d6 {[%emt 0:00:14]} 7. Bg5 {[%emt 0:00:58]} Bxc3 {[%emt 0:00:13]} 8. bxc3 {[%emt 0:00:02]} Qe7 {[%emt 0:00:16]} 9. Re1 {[%emt 0:00:34]} Nd8 {[%emt 0:01:32]} 10. d4 {[%emt 0:00:09]} Ne6 {[%emt 0:00:42]} 11. Bc1 {[%emt 0:00:03]} c6 {[%emt 0:02:02]} 12. Bf1 {[%emt 0:00:54]} Qc7 {[%emt 0:00:22]} 13. a4 {[%emt 0:00:19]} Rd8 {[%emt 0:00:10]} 14. Ba3 {[%emt 0:00:24]} Nf4 {[%emt 0:00:14]} 15. Bc1 {[%emt 0:02:29]} Ng6 {[%emt 0:00:31]} 16. Bg5 {[%emt 0:00:39]} Qe7 {[%emt 0:00:23]} 17. Nh4 {[%emt 0:00:16]} h6 {[%emt 0:01:07]} 18. Nxg6 {[%emt 0:00:08]} fxg6 {[%emt 0:00:03]} 19. Bh4 {[%emt 0:00:44]} g5 {[%emt 0:00:33]} 20. Bg3 {[%emt 0:00:03]} Bg4 {[%emt 0:01:14]} 21. f3 {[%emt 0:00:54]} Be6 {[%emt 0:00:08]} 22. c4 {[%emt 0:01:51]} g4 {[%emt 0:01:58]} 23. f4 {[%emt 0:01:21]} exf4 {[%emt 0:00:51]} 24. Bxf4 {[%emt 0:00:03]} Rf8 {[%emt 0:00:02]} 25. e5 {[%emt 0:00:36]} dxe5 {[%emt 0:00:14]} 26. Bxe5 {[%emt 0:00:04]} Qf7 {[%emt 0:00:14]} 27. Qe2 {[%emt 0:00:52]} Rfe8 {[%emt 0:00:18]} 28. Rab1 {[%emt 0:00:13]} Rad8 {[%emt 0:00:24]} 29. c3 {[%emt 0:00:31]} g3 {[%emt 0:00:48]} 30. Bxg3 {[%emt 0:00:22]} Bf5 {[%emt 0:00:16]} 31. Be5 {[%emt 0:00:29]} Bxb1 {[%emt 0:00:04]} 32. Rxb1 {[%emt 0:00:01]} Rd7 {[%emt 0:00:26]} 33. g3 {[%emt 0:00:13]} Qg6 {[%emt 0:00:11]} 34. Re1 {[%emt 0:00:21]} Rde7 {[%emt 0:00:11]} 35. Bh3 {[%emt 0:00:41]} Nd7 {[%emt 0:00:07]} 36. Bxd7 {[%emt 0:00:39]} Rxd7 {[%emt 0:00:03]} 37. c5 {[%emt 0:00:07]} Qe6 {[%emt 0:00:09]} 38. Qc2 {[%emt 0:00:13]} Rf7 {[%emt 0:00:16]} 39. a5 {[%emt 0:00:06]} Ref8 {[%emt 0:00:15]} 40. Qe2 {[%emt 0:00:02]} Rf2 {[%emt 0:00:15]} 41. Qxf2 {[%emt 0:00:02]} Rxf2 {[%emt 0:00:02]} 42. Kxf2 {[%emt 0:00:02]} Qa2+ {[%emt 0:00:04]} 43. Kf3 {[%emt 0:00:16]} Qxa5 {[%emt 0:00:05]} 44. Re3 {[%emt 0:00:01]} Qa2 {[%emt 0:00:04]} 45. Bf4 {[%emt 0:00:07]} Kf7 {[%emt 0:00:17]} 46. Bd6 {[%emt 0:00:04]} Qb3 {[%emt 0:00:06]} 47. Re7+ {[%emt 0:00:03]} Kg8 {[%emt 0:00:08]} 48. Be5 {[%emt 0:00:04]} Qxc3+ {[%emt 0:00:05]} 49. Kg4 {[%emt 0:00:02]} Qc4 {[%emt 0:00:13]} 50. Rxg7+ {[%emt 0:00:03]} Kf8 {[%emt 0:00:02]} 51. Rxb7 {[%emt 0:00:04]} Qe2+ {[%emt 0:00:04]} 52. Kh3 {[%emt 0:00:06]} a5 {[%emt 0:00:08]} 53. Ra7 {[%emt 0:00:02]} Qf1+ {[%emt 0:00:04]} 54. Kh4 {[%emt 0:00:04]} Qe1 {[%emt 0:00:06]} 55. Bg7+ {[%emt 0:00:13]} Ke8 {[%emt 0:00:05]} 56. Bxh6 {[%emt 0:00:04]} Qe4+ {[%emt 0:00:02]} 57. Bf4 {[%emt 0:00:02]} Qxd4 {[%emt 0:00:10]} 58. Kg4 {[%emt 0:00:15]} Qd1+ {[%emt 0:00:03]} 59. Kh4 {[%emt 0:00:04]} Qd8+ {[%emt 0:00:11]} 60. Kg4 {[%emt 0:00:07]} Qd1+ {[%emt 0:00:03]} 61. Kh4 {[%emt 0:00:04]} a4 {[%emt 0:00:02]} 62. g4 {[%emt 0:00:03]} Qe1+ {[%emt 0:00:04]} 63. Bg3 {[%emt 0:00:02]} Qe4 {[%emt 0:00:05]} 64. Kh5 {[%emt 0:00:07]} Qd5+ {[%emt 0:00:03]} 65. g5 {[%emt 0:00:03]} Qf3+ {[%emt 0:00:06]} 66. Kh6 {[%emt 0:00:02]} a3 {[%emt 0:00:09]} 67. g6 {[%emt 0:00:02]} Qe3+ {[%emt 0:00:06]} 68. Kh7 {[%emt 0:00:06]} Qd3 {[%emt 0:00:03]} 69. Kh6 {[%emt 0:00:08]} Qe3+ {[%emt 0:00:02]} 70. Kh7 {[%emt 0:00:02]} Qxc5 {[%emt 0:00:03]} 71. Ra8+ {[%emt 0:00:06]} Ke7 {[%emt 0:00:01]} 72. Bh4+ {[%emt 0:00:10]} Kd7 {[%emt 0:00:03]} 73. Rd8+ {[%emt 0:00:08]} Kc7 {[%emt 0:00:02]} 74. Rd2 {[%emt 0:00:03]} Qh5+ {[%emt 0:00:03]} 75. Kg7 {[%emt 0:00:04]} Qxh4 {[%emt 0:00:02]} 76. Kg8 {[%emt 0:00:04]} Qg5 {[%emt 0:00:11]} 0-1

[Event "EWCCC Online Final 2020"]
[Site "Online"]
[Date "2020.12.21"]
[Round "5.5"]
[White "Balajayeva, Khanim"]
[Black "Lazarne Vajda, Szidonia"]
[Result "1/2-1/2"]
[WhiteElo "2376"]
[BlackElo "2345"]
[Annotator "TA"]
[PlyCount "89"]
[EventDate "2020.12.19"]
[EventType "team-tourn"]
[EventCountry "NET"]
[SourceTitle "playchess.com"]
[Source "ChessBase"]
[SourceQuality "1"]

{[%evp 13,89,31,35,19,29,29,36,39,49,38,52,27,36,8,13,-29,-22,-21,-18,-43,0,0,0,-40,-10,-63,40,35,38,0,0,0,0,0,11,8,9,-83,-75,-86,-83,-121,-60,-68,-76,-112,-112,-112,-111,-136,-131,-138,-132,-130,-88,-88,-88,-83,-83,-89,-79,-88,-82,-106,-103,-92,-8,-8,-8,-43,0,0,0,-34,0,0,0,-8]} 1. e4 e5 2. Nf3 d6 3. d4 exd4 4. Nxd4 Nf6 5. Nc3 Be7 6. Be2 O-O 7. O-O Re8 8. h3 {C41: Philidor Defence.} h6 9. f4 Bf8 10. Bf3 $1 {[#] White is slightly better.} Nbd7 $146 ({Predecessor:} 10... c6 11. Be3 Nbd7 12. Nb3 a5 13. a4 d5 14. e5 Nh7 15. Qd2 f6 16. e6 Rxe6 {0-1 (75) Karaklajic,M (2108)-Tasic,V (2241) Vrnjacka Banja 2008}) 11. Re1 Nc5 12. b4 Ne6 13. Nxe6 Bxe6 14. Bb2 c6 15. a3 a5 16. Kh2 axb4 17. axb4 Rxa1 18. Qxa1 Bc4 19. Nd1 {[#]} ({Better is} 19. Na4 $11) 19... Nh7 (19... Nd5 $1 $15 {[%mdl 512]}) 20. Ne3 $14 Be6 21. Bg4 (21. Bc3 {seems wilder.} Qh4 22. Ng4 Bxg4 23. Bxg4 Nf6 24. Bxf6 Qxf6 25. Qxf6 gxf6 26. Re3) 21... Bxg4 22. Nxg4 d5 23. exd5 cxd5 24. Rxe8 Qxe8 25. Be5 (25. Qa7 $11 {keeps the balance.}) 25... f6 $17 26. Bc3 Qe4 27. Bd2 h5 ({But not} 27... Qxc2 28. Qd4 $15) ({Black should try} 27... Bxb4 $17 28. Nf2 Qc4) 28. Nf2 $15 Qxc2 29. Qc3 Qxc3 30. Bxc3 $17 {[%mdl 4096] Endgame KBN-KBN} Bd6 31. g3 {[#]} h4 $1 {[%mdl 512]} 32. Nd3 (32. gxh4 Bxf4+) 32... hxg3+ 33. Kxg3 Ng5 {Hoping for ...Ne4+.} 34. Kg4 Ne4 35. Bd4 Kf7 36. h4 Be7 37. h5 Nd6 38. Bc5 f5+ 39. Kf3 {[#]} Ke6 ({Black should play} 39... Ne4 $1 $17 40. Bd4 Nf6 41. Bxf6 Kxf6) 40. Bd4 $11 Ne8 41. Ke3 Kd6 42. Bc5+ Ke6 43. Bd4 Kd6 44. Bc5+ Ke6 45. Bd4 {Weighted Error Value: White=0.18/Black=0.17} 1/2-1/2